01361 2200265 4500001002100000005001500021035002000036007000300056008004100059020002000100082001100120084002000131100002300151245013200174300003800306650001600344505056400360740002100924264004400945336002100989337003001010338002301040990001601063990001601079INLIS00000000004285520211111032955 a0010-0821000066ta211111 g 0 ind  a978-623-00-1397 a155.25 aSR 155.25 AHM g0 aAhmad Rifa'i Rifan1 aGenerasi optimis :bmenemukan cahaya di pekatnya masalah & meyakini adanya kemungkinan dalam kemustahilan /cAhmad Rifa'i Rifan axii, 209 halaman ;c23 cm x 15 cm 4aKepribadian aDi tengah kegaduhan luar biasa yang terjadi di negeri ini, sikap optimis harus tertanam kuat dalam benak anak muda. Stimulus-stimulus positif harus ditebar demi meyakinkan generasi milenial bahwa meskipun kondisi bangsa kita sedang baik-baik saja, tetapi kita berhak punya mimpi yang besar. Kita menyadari bahwa Indonesia tidak sepenuhnya baik-baik saja. Ancaman pasti ada. Kekurangan dan kendala pasti selalu kita temukan. Tetapi selama kita memiliki jiwa yang optimis, semua kesulitan dan ancaman apa pun di masa depan, bisa kita hadapi dengan jiwa perkasa. aGenerasi optimis aJakarta :bElex Media Komputindo,c2020 2rdacontentateks 2rdamediaatanpa perantara 2rdacarrieravolume a47719.60539 a47719.60539